<?xml version="1.0" encoding="UTF-8"?><?xml-stylesheet type="text/xsl" href="static/style.xsl"?><OAI-PMH xmlns="http://www.openarchives.org/OAI/2.0/" xmlns:xsi="http://www.w3.org/2001/XMLSchema-instance" xsi:schemaLocation="http://www.openarchives.org/OAI/2.0/ http://www.openarchives.org/OAI/2.0/OAI-PMH.xsd"><responseDate>2026-04-19T02:34:12Z</responseDate><request verb="GetRecord" identifier="oai:riubu.ubu.es:10259/6816" metadataPrefix="marc">https://riubu.ubu.es/oai/request</request><GetRecord><record><header><identifier>oai:riubu.ubu.es:10259/6816</identifier><datestamp>2024-01-31T12:07:12Z</datestamp><setSpec>com_10259_6158</setSpec><setSpec>com_10259_5086</setSpec><setSpec>com_10259_2604</setSpec><setSpec>col_10259_6159</setSpec></header><metadata><record xmlns="http://www.loc.gov/MARC21/slim" xmlns:doc="http://www.lyncode.com/xoai" xmlns:xsi="http://www.w3.org/2001/XMLSchema-instance" xmlns:dcterms="http://purl.org/dc/terms/" xsi:schemaLocation="http://www.loc.gov/MARC21/slim http://www.loc.gov/standards/marcxml/schema/MARC21slim.xsd">
<leader>00925njm 22002777a 4500</leader>
<datafield tag="042" ind1=" " ind2=" ">
<subfield code="a">dc</subfield>
</datafield>
<datafield tag="720" ind1=" " ind2=" ">
<subfield code="a">Fernández Alonso, Alba</subfield>
<subfield code="e">author</subfield>
</datafield>
<datafield tag="720" ind1=" " ind2=" ">
<subfield code="a">Barros del Río, María Amor</subfield>
<subfield code="e">author</subfield>
</datafield>
<datafield tag="260" ind1=" " ind2=" ">
<subfield code="c">2022</subfield>
</datafield>
<datafield tag="520" ind1=" " ind2=" ">
<subfield code="a">African American poet Langston Hughes worked as a press correspondent during the Spanish civil war. This experience left an imprint in his production and particularly in his poetry, giving light to significant advances in his entwinement of race, gender, and identity. The acclaimed diversity of Hughes’ feminine models, and his inclusive stance find difficult accommodation in the poetic corpus about Spain. Using a critical appraisal of race, class and gender divisions, the poetic representation of female characters is discussed attending to their different forms of inclusion and exclusion. Their relationship with later developments in Hughes’ poetic construction of African American female agency is assessed, and the singularity of certain characters in the Spanish corpus is explored. Finally, conclusions are drawn to demonstrate the relevant and understudied contributions of this corpus for the better understanding of Hughes’ feminine universe as a whole.</subfield>
</datafield>
<datafield tag="024" ind2=" " ind1="8">
<subfield code="a">0958-9236</subfield>
</datafield>
<datafield tag="024" ind2=" " ind1="8">
<subfield code="a">http://hdl.handle.net/10259/6816</subfield>
</datafield>
<datafield tag="024" ind2=" " ind1="8">
<subfield code="a">10.1080/09589236.2021.1927682</subfield>
</datafield>
<datafield tag="024" ind2=" " ind1="8">
<subfield code="a">1465-3869</subfield>
</datafield>
<datafield ind1=" " ind2=" " tag="653">
<subfield code="a">Race</subfield>
</datafield>
<datafield ind1=" " ind2=" " tag="653">
<subfield code="a">Gender</subfield>
</datafield>
<datafield ind1=" " ind2=" " tag="653">
<subfield code="a">Langston Hughes</subfield>
</datafield>
<datafield ind1=" " ind2=" " tag="653">
<subfield code="a">Poetry</subfield>
</datafield>
<datafield ind1=" " ind2=" " tag="653">
<subfield code="a">Spanish Civil War</subfield>
</datafield>
<datafield tag="245" ind1="0" ind2="0">
<subfield code="a">Gender and race in Langston Hughes’ poetry of the Spanish Civil War</subfield>
</datafield>
</record></metadata></record></GetRecord></OAI-PMH>